MARC

LEADER 00000cam a2200000 a 4500
001 vtls011559426
003 SK-MaSNL
005 20260311151117.0
008 250311s1958 xo gr 000 0 slo
015 |a SNBA1958 
020 |q (brožované) 
035 |a urn:nbn:sk:snk-am00dx8z 
035 |a urn:nbn:sk:snk-am3i8cj 
035 |a 4F727AEC-2439-4FC8-9F17-21F517EF12DB 
040 |a SNK  |b slo  |c SNK  |e AACR2 
041 1 |a slo  |h cze 
043 |a e-cs---  |a e-ur--- 
044 |a xo  |c SK 
080 |a 341.24  |2 2011 
080 |a (437)  |2 2011 
080 |a (47+57)  |2 2011 
080 |a (082.2)  |2 2011 
080 |a 341.76  |2 2011 
080 |a 327  |2 2011 
080 |a 94(100)"1939/1945"  |2 2011 
080 |a (093)  |2 2011 
100 1 |a Kotyk, Václav,  |d 1927-  |4 aut  |9 66421 
240 1 0 |a 15 let československo-sovětské smlouvy  |l Slovensky 
245 1 0 |a 15 rokov československo-sovietskej zmluvy  |c V. Kotyk, J. Šedivý ; z českého originálu 15 let československo-sovětské smlouvy ... do slovenčiny prepísali Ľ. Čunderlík a Július Molitoris 
246 3 |a Pätnásť rokov československo-sovietskej zmluvy 
260 |a Bratislava  |b Slovenské vydavateľstvo politickej literatúry  |c 1958  |e Bratislava  |f Pravda 
300 |a 69 strán  |b tabuľky  |c 21 cm 
490 0 |a Aktuality 
504 |a Obsahuje bibliografické odkazy a poznámky 
630 0 7 |a Zmluva o priateľstve, vzájomnej pomoci a povojnovej spolupráci medzi Československou republikou a Zväzom sovietskych socialistických republík  |d (1943)  |2 SNKPH  |9 490557 
648 7 |a 1939-1945  |2 SNKPH  |9 281648 
650 0 7 |a medzinárodné zmluvy  |2 SNKPH  |9 67291 
650 0 7 |a diplomatické rokovania  |2 SNKPH  |9 106370 
650 0 7 |a zahraničné vzťahy  |2 SNKPH  |9 3832 
650 0 7 |a druhá svetová vojna (1939-1945)  |2 SNKPH  |9 169657 
651 7 |a Československo  |2 SNKPHgeo  |9 21376 
651 7 |a Sovietsky zväz  |2 SNKPHgeo  |9 22126 
655 7 |a jubilejné publikácie  |2 SNKPH  |9 70339 
655 7 |a dokumenty  |2 SNKPH  |9 70482 
700 1 |a Šedivý, Jaroslav,  |d 1929-2023  |4 aut  |9 223854 
700 1 |a Čunderlík, Ľubor,  |d 1922-1996  |4 trl  |9 135284 
700 1 |a Molitoris, Július  |4 trl  |9 369062 
852 |a Slovenská národná knižnica 
958 |a NB 
958 |a OP 
958 |a OND 
968 |b ČES 
999 |c 1189221  |d 1191151 
952 |a SNK  |b SNK  |y PREZ  |7 0  |p 17A0825505  |o snkSC 12419  |i snkKSP 4163/58  |0 0  |1 0  |4 0  |d 2020-01-07  |f 1  |l 0  |r 2025-07-16 00:00:00  |w 2026-02-24